Statistics for 10 Countries with an A and W in their name

Click here to take the quiz!

General Stats

  • This quiz has been taken 53 times
  • The average score is 6 of 10

Answer Stats

Answer% Correct
SWITZERLAND
73%
ZIMBABWE
67%
NEW ZEALAND
65%
ESWATINI
63%
RWANDA
61%
BOTSWANA
59%
MALAWI
55%
NORWAY
47%
KUWAIT
37%
PAPUA NEW GUINEA
37%

Score Distribution

Percentile by Number Answered

Percent of People with Each Score

Your Score History

You have not taken this quiz